header

Philosophy and theology in the Middle Ages (Record no. 1247)

MARC details
000 -LEADER
fixed length control field 01202nam a2200313 a 4500
082 04 - DEWEY DECIMAL CLASSIFICATION NUMBER
Classification number 189
100 1# - MAIN ENTRY--AUTHOR NAME
Personal name Evans, G. R.
245 10 - TITLE STATEMENT
Title Philosophy and theology in the Middle Ages
260 ## - PUBLICATION, DISTRIBUTION, ETC. (IMPRINT)
Place of publication London ;
-- New York :
Name of publisher Routledge,
Year of publication 1993.
300 ## - PHYSICAL DESCRIPTION
Number of Pages x, 139 p.
650 #0 - SUBJECT ADDED ENTRY--TOPICAL TERM
Topical Term Philosophy, Medieval.
Topical Term Theology, Doctrinal
856 40 - ELECTRONIC LOCATION AND ACCESS
Uniform Resource Identifier http://site.ebrary.com/lib/rucke/Doc?id=5001603

No items available.

© 2026 Rongo University
Contact us: librarian | system librarian | Rongo university